LEADER 01476nam a2200313 i 4500 001 000000150034 003 CaOOAMICUS 005 20060525000000.0 008 060525s2006 it u000 u ita u 013 $a127366 020 $a88-215-5575-5 040 $aSeMil$bita 100 1 $aCosenza, Vincenzo .$0(OLS)http://semarc/name/48415 245 10$aLancillotto Avellino :$bl'avventura di un vita senza compromessi /$cVincenzo Cosenza ; Premessa di Valentín Arteaga ; Prefazione di Marcella Campanelli. 260 $aCinisello Balsamo :$bSan Paolo,$c2006. 300 $a191 p., [16] p. di tav. ;$c22 cm. 490 0 $aI protagonisti ;$v74. 500 $aContiene : Bibliografia. - Dono del Card. Dionigi Tettamanzi. 600 14$aAvellino, Andrea .$0(OLS)http://semarc/subject/24933 700 1 $aCampanelli, Marcella.$0(OLS)http://semarc/name/59233 700 1 $aArteaga, Valentín.$0(OLS)http://semarc/name/59232 830 2$aI protagonisti ;$v74.$0(OLS)http://semarc/title/5908 850 $aSeMil 852 $aSeMil$W1$xVenegono$y1$m3H II 7$j102209$B102209$CSeMilBibl$Z2$F112136 $81 941 1 $a5 961 $aOmaggio: Tettamanzi Card. Dionigi 996 $6020$a88-215-5575-5$9(OLS)http://semarc/number/139365 996 $6245$aLancillotto Avellino :$bl'avventura di un vita senza compromessi$9(OLS)http://semarc/title/219372 996 $6260$aCinisello Balsamo :$bSan Paolo$9(OLS)http://semarc/publisher/30129 LEADER 00791nam a2200229 i 4500 001 000000165136 003 CaOOAMICUS 005 20071009000000.0 008 071009s1970 it u000 u ita u 013 $a142504 040 $aSeMil$bita 100 1 $aRoth, Philip <1933-2018>.$0(OLS)http://semarc/name/90663 245 10$aQuando Lucy era buona /$cPhilip Roth. 260 $aMilano :$bRizzoli,$c1970. 300 $a342 p. ;$c23 cm. 490 0 $aLa scala 830 3$aLa scala.$0(OLS)http://semarc/title/7359 850 $aSeMil 852 $aSeMil$W1$xVenegono$y1$m1U V 70$j236423$B116333$CSeMilBibl$Z2$F127268 $81 961 $aRecupero: Altro 996 $6245$aQuando Lucy era buona$9(OLS)http://semarc/title/235690 996 $6260$aMilano :$bRizzoli$9(OLS)http://semarc/publisher/29824